| 000 | 01496nam a2200229Ia 4500 | ||
|---|---|---|---|
| 003 | Ost | ||
| 005 | 20260507075506.0 | ||
| 008 | 260507s9999||||xx |||||||||||||| ||und|| | ||
| 020 | _a9957002988 | ||
| 040 | _cfsecg | ||
| 041 | _aara | ||
| 082 | _a614.88 | ||
| 100 |
_aجلدة، سليم بطرس _eمؤلف |
||
| 245 | 0 |
_aإدارة المستشفيات والمراكز الصحية / _c سليم بطرس جلدة |
|
| 246 | _aManaging Hospitals and Health Centers | ||
| 260 |
_aعمان: _bدار الشروق, _c2007 |
||
| 300 |
_a247 صفحة؛ _bإيضاحات ؛ _c24 سم |
||
| 504 | _aببليوغرافيا:ص ص.245-247 | ||
| 520 | _aالتطور التاريخي للمستشفيات،وظائف وتصنيف المستشفيات والعوامل المؤثرة في تطورها الرفاه والصحة والسلامة العامة للعاملين،تخطيط إنشاء المستشفيات،التنظيم الداخلي للمستشفيات،معايير تقويم الأداء في المستشفيات،إدارة السجلات الطبية،السجلات الطبية في الأردن،استخدام الحاسوب في المستشفيات،التأمين الطبي في شركة أليكو العالمية،حالة دراسية-مستشفى (الفنارتير)في السعودية،حقوق المسنين في العالم،نصائح طبية عامة والفوائد الغذائية | ||
| 653 | _aالخدمات الصحية | ||
| 942 | _cكتاب | ||
| 999 |
_c44716 _d44716 |
||